|
|
|
|
| LEADER |
00000nam0a2200000 4500 |
| 001 |
218280 |
| 005 |
20231101230201.0 |
| 010 |
|
|
|a 5737000494
|
| 020 |
|
|
|a RU
|b 89-81055
|
| 035 |
|
|
|a (RuTPU)RU\TPU\book\238297
|
| 090 |
|
|
|a 218280
|
| 100 |
|
|
|a 20120618d1989 k y0rusy5003 ca
|
| 101 |
0 |
|
|a rus
|
| 102 |
|
|
|a RU
|
| 105 |
|
|
|a a z 001zy
|
| 200 |
1 |
|
|a Реставрация станковой масляной живописи в России. Развитие принципов и методов
|f А. Б. Алешин
|
| 210 |
|
|
|a Ленинград
|c Художник РСФСР
|d 1989
|
| 215 |
|
|
|a 160 с.
|c ил., цв. ил.
|d 22 см
|
| 320 |
|
|
|a Библиогр. в примеч.: с. 151-157
|
| 606 |
1 |
|
|a Живопись
|x Техника
|2 stltpush
|3 (RuTPU)RU\TPU\subj\10836
|9 37853
|
| 606 |
1 |
|
|a Реставрация
|2 stltpush
|3 (RuTPU)RU\TPU\subj\25142
|9 49367
|
| 610 |
1 |
|
|a живопись
|
| 610 |
1 |
|
|a масляная живопись
|
| 610 |
1 |
|
|a Россия
|
| 610 |
1 |
|
|a 18 век
|
| 610 |
1 |
|
|a 19 век
|
| 610 |
1 |
|
|a 20 век
|
| 610 |
1 |
|
|a история
|
| 675 |
|
|
|a 75.02
|z rus
|
| 700 |
|
1 |
|a Алешин
|b А. Б.
|g Анатолий Борисович
|4 070
|
| 801 |
|
0 |
|a RU
|b RuMRKP
|c 19950417
|g psbo
|
| 801 |
|
1 |
|a RU
|b 63413507
|c 20120618
|
| 801 |
|
2 |
|a RU
|b 63413507
|c 20121112
|g RCR
|
| 942 |
|
|
|c BK
|